| 000 | 00468nam a22001697a 4500 | ||
|---|---|---|---|
| 999 |
_c41326 _d41326 |
||
| 003 | OSt | ||
| 005 | 20210428114536.0 | ||
| 008 | 210428b ||||| |||| 00| 0 eng d | ||
| 020 | _a9788182718968 | ||
| 040 | _coclc | ||
| 082 |
_a306 _bSIB/J |
||
| 100 |
_98602 _aSibaee, Musthafa |
||
| 245 |
_aJeevitha Padangal/ _c Dr, Sibaee Musthafa |
||
| 260 |
_aKozhikode: _bIPH, _c2017. |
||
| 300 | _a136 pages | ||
| 942 |
_2ddc _cBK _h306 _iSIB/J _k306 _mSIB/J |
||